01371cam a22003617a 4500003000500000005001700005008004100022010000800063011000900071035000800080040000900088090001000097100004500107245014700152260004000299300001100339502008100350590003700431590004100468590004100509590004100550590004100591590004200632650005200674650002600726650003000752650003000782901000700812942001000819949004000829999001300869952012700882CHAP20220329132941.0971013s1989 r 00010 d a600 a1572 a748 cCHAP aTesis00aHernández de la Rosa, Patricia.953938 0aVariación morfológica intra-arbol en Pinus cooperi blanco, P. durangensis Martínez y P. ingelmannnii Carr. Procedentes de El Salto, Dgo. aChapingo, Méx. :bEl autor,c1989 a102 h. aTesis (Ing. Agr. Esp. en Bosques) -- UACH. División de Ciencias Forestales aALEPHb10c20130110lUCH01h1205 aBATCH-UPDb10c20130110lUCH01h0114 aBATCH-UPDb10c20130110lUCH01h2229 aBATCH-UPDb10c20130410lUCH01h1524 aBATCH-UPDb10c20130914lUCH01h1835 aCONVERSIONb10c20130109lUCH01h130214aPináceasxFisiología y morfología.98823614aPinus cooperi.98832814aPinus durangensis.98833214aPinus engelmannii.988336 aBK cTESIS bBCcTESd-10207eTS1h22849i748si c600d600 00102local4051708TESISaBCbBCcPA_TESISd2019-12-31fTESISl0oTesisp-10207r2019-12-31 00:00:00w2019-12-31yTESIS